000 00625na a2200241 4500
001 17349
003 MIRAKIL
005 20181213154951.0
008 161024b tu 000 0
020 _a9753470312
040 _aMilas
_btur
_cTR-AnCHP
041 _atur
082 _a345.02632
_bT96 1999
090 _a345.02632 T96 1999
245 _aTürk Ceza Kanunu
250 _a7. bs.
260 _aAnkara
_bSeçkin
_c1999
300 _a301 s.
_c14 sm.
490 _aKanun Metinleri serisi
_v2
650 _aCeza hukuku
_xKanunlar
_zTürkiye
651 _aTürkiye
_xTürk Ceza Kanunu (TCK), 1926
942 _2ddc
_cBKS
999 _c4027
_d4027